Normal view
MARC view
- Lara Rivero, Arturo Angel
Entry Nombre Personal
001 - NUMERO DE CONTROL
- campo de control: 41506
003 - IDENTIFICADOR DE NUMERO DE CONTROL
- campo de control: UPN
005 - FECHA Y HORA DE LA ÜLTIMA TRANSACCIÓN
- campo de control: 20210219194608.0
008 - DATOS DE LONGITUD FIJA
- campo de control de longitud fija: nabaccnnaabn|||||||||| b |nc|||||d
035 ## - NUMERO DE CONTROL
- Número de control: UPN11000013613
040 ## - FUENTE DE CATALOGACIÓN
- Lenguaje de catalogación: SPA
- Agencia de transcripción: UPN
100 1# - ENCABEZAMIENTO - NOMBRE PERSONAL
- Nombre personal: Lara Rivero, Arturo Angel
670 ## - FUENTE EN LA QUE SE LOCALIZARON DATOS
- Cita de la fuente: T
- Información localizada: Aprendizaje tecnológico y mercado de trabajo en las maquiladoras japonesas
902 ## - CATALOGADOR
- Catalogador: MCM/250618
